000
00290 a2200157 4500
001
165485
020
_a
040
_c
Magnum
100
_a
Murray, Roseana
240
1
0
_a
Paisagens
_l
por
245
1
0
_a
Paisagens
362
0
_a
1899
440
1
_a
LĂȘ
697
_a
J/GERAL
942
_c
BK
999
_c
165485
_d
165485